000 00551nam a22001817a 4500
003 SISC
005 20160321124813.0
008 130906t xxu||||| |||| 00| 0 eng d
050 _aLC 63
_b.J12 1960
082 _aHS 371.2
_bJ13 1960
100 _aJackson, Dennis B.
_916791
245 _aThe exam secret :
_bhow to shine in examinations and life! /
_cDennis B. Jackson.
260 _aHollywood, California :
_bWilshire Book Company,
_cc1960.
300 _a124 p. :
_c21 cm.
650 _aExamination.
_91629
942 _2lcc
_cBK
999 _c10482
_d10482